Biggest Cities With The Word “Heights” - Statistics

General Stats
  • This quiz has been taken 15 times
  • The average score is 8 of 18
Answer Stats
Pop. State City % Correct
43,470 OH Cleveland Heights
88%
60,130 MI Dearborn Heights
75%
133,055 MI Sterling Heights
75%
85,804 CA Citrus Heights
63%
73,520 IL Arlington Heights
50%
31,766 UT Cottonwood Heights
50%
55,536 CA Hacienda Heights
50%
32,177 IL Glendale Heights
38%
43,269 OH Huber Heights
38%
36,210 MN Inver Grove Heights
38%
28,262 OH Shaker Heights
38%
34,848 TX Harker Heights
25%
28,187 MI Madison Heights
25%
27,347 MO Maryland Heights
25%
44,504 CA Rowland Heights
25%
35,727 FL South Miami Heights
25%
29,728 AZ Drexel Heights
13%
28,624 OH Garfield Heights
13%
No matching quizzes found
Score Distribution
Percent of People with Each Score
Percentile by Number Answered
Your Score History
You have not taken this quiz